000 00248nam a2200109 a 4500
008 090929s1988|||| d
100 1 _aAngeli,C.
245 1 0 _aZlatokopvia
260 _bVýchodosl.vyd.
_aKošice
_c1988
041 _aslo
044 _axo
_cSK
999 _c215
_d215